| 000 | 01201nam a22003497a 4500 | ||
|---|---|---|---|
| 003 | CHAP | ||
| 005 | 20220817044115.0 | ||
| 008 | 060609d2004 ca r 00110 spa d | ||
| 010 | _a92373 | ||
| 011 | _a93345 | ||
| 020 | _a1896770681 | ||
| 035 | _a103917 | ||
| 040 | _cCHAP | ||
| 082 | 0 | 4 |
_a333.0972 _bB39 |
| 100 | 1 |
_aBaranyi, Stepher. _910063 |
|
| 245 | 1 | 0 |
_aTierra y desarrollo en América Latina : _bperspectivas para la investigación sobre políticas _c/por Stepher Baranyi |
| 260 |
_aCanada : _bInternational Development Research Centre, _c2004. |
||
| 300 | _a98 p. | ||
| 590 |
_aBATCH-UPD _b10 _c20130110 _lUCH01 _h0022 |
||
| 590 |
_aBATCH-UPD _b10 _c20130110 _lUCH01 _h1903 |
||
| 590 |
_aBATCH-UPD _b10 _c20130409 _lUCH01 _h2002 |
||
| 590 |
_aBATCH-UPD _b10 _c20130410 _lUCH01 _h1230 |
||
| 590 |
_aBATCH-UPD _b10 _c20130914 _lUCH01 _h0535 |
||
| 590 |
_aCONVERSION _b10 _c20130109 _lUCH01 _h1351 |
||
| 650 | 1 | 4 |
_aDesarrollo sustentable _zAmérica Latina. |
| 650 | 1 | 4 |
_aPolítica agrícola. _990283 |
| 650 | 1 | 4 |
_aReforma agraria _xAmérica Latina. _995523 |
| 901 | _aBK | ||
| 905 | _aElisama A. H. | ||
| 942 | _cLIBRO | ||
| 949 |
_a333.0972 B39 _bBC _cLIBRO _d33724000877296 _eLIBRO _h103441 _i103917 _sb |
||
| 999 |
_c92373 _d92373 |
||